000 00454nam a2200169Ia 4500
003 OSt
005 20260309115700.0
008 211028s2011 xx 000 0 und d
040 _cAIMIT LIBRARY
041 _aeng
100 _aManjusha; Vijayakumar, Suchetha.
_g81757
_93477
110 _aThomas George.
_93478
245 _aAudits management 6.0 /
260 _aBangalore
_c2011
710 _aHewlett Packard Globalsoft Ltd
_93479
942 _2ddc
_cPRO
999 _c217245
_d217245